<?xml version="1.0" encoding="UTF-8"?>
<record
    xmlns:xsi="http://www.w3.org/2001/XMLSchema-instance"
    xsi:schemaLocation="http://www.loc.gov/MARC21/slim http://www.loc.gov/standards/marcxml/schema/MARC21slim.xsd"
    xmlns="http://www.loc.gov/MARC21/slim">

  <leader>01661nam a2200325 i 4500</leader>
  <controlfield tag="003">DO-SdBNP</controlfield>
  <controlfield tag="005">20250411120510.0</controlfield>
  <controlfield tag="007">ta</controlfield>
  <controlfield tag="008">220727e1986    dr ah||gr|||| 001 0dspa d</controlfield>
  <datafield tag="040" ind1=" " ind2=" ">
    <subfield code="a">DO-SdBNP</subfield>
    <subfield code="b">spa</subfield>
    <subfield code="c">BNPHU</subfield>
    <subfield code="e">rda</subfield>
  </datafield>
  <datafield tag="041" ind1=" " ind2=" ">
    <subfield code="a">spa</subfield>
  </datafield>
  <datafield tag="082" ind1=" " ind2="4">
    <subfield code="a">972.93053</subfield>
    <subfield code="b">U58d</subfield>
    <subfield code="2">22</subfield>
  </datafield>
  <datafield tag="245" ind1="0" ind2="0">
    <subfield code="a">Unos desafectos y otros en desgracia : </subfield>
    <subfield code="b">sufrimientos bajo la dictadura de Trujillo / </subfield>
    <subfield code="c">compilador, Bernardo Vega.</subfield>
  </datafield>
  <datafield tag="250" ind1=" " ind2=" ">
    <subfield code="a">Primera edici&#xF3;n </subfield>
  </datafield>
  <datafield tag="264" ind1=" " ind2="1">
    <subfield code="a">Santo Domingo, Rep&#xFA;blica Dominicana :</subfield>
    <subfield code="b">Fundaci&#xF3;n Cultural Dominicana,</subfield>
    <subfield code="c">1986.</subfield>
  </datafield>
  <datafield tag="300" ind1=" " ind2=" ">
    <subfield code="a">284 p&#xE1;ginas :</subfield>
    <subfield code="b">ilustraciones ;</subfield>
    <subfield code="c">28 cm.</subfield>
  </datafield>
  <datafield tag="336" ind1=" " ind2=" ">
    <subfield code="a">texto</subfield>
    <subfield code="b">txt</subfield>
    <subfield code="2">rdacontent </subfield>
  </datafield>
  <datafield tag="337" ind1=" " ind2=" ">
    <subfield code="a">sin mediaci&#xF3;n </subfield>
    <subfield code="b">n</subfield>
    <subfield code="2">rdamedia </subfield>
  </datafield>
  <datafield tag="338" ind1=" " ind2=" ">
    <subfield code="a">volumen </subfield>
    <subfield code="b">nc</subfield>
    <subfield code="2">rdacarrier </subfield>
  </datafield>
  <datafield tag="500" ind1=" " ind2=" ">
    <subfield code="a">Incluye datos biogr&#xE1;ficos del autor.</subfield>
  </datafield>
  <datafield tag="504" ind1=" " ind2=" ">
    <subfield code="a">Incluye fuente de los documentos: p. 253- 255 </subfield>
  </datafield>
  <datafield tag="505" ind1="0" ind2=" ">
    <subfield code="a">Introducci&#xF3;n --</subfield>
    <subfield code="t">Los exiliados escritores --</subfield>
    <subfield code="t">Otros exiliados --</subfield>
    <subfield code="t">Los desafectos honorables o pasivos --</subfield>
    <subfield code="t">Los desafectos en los a&#xF1;os treinta y principio de los cuarenta --</subfield>
    <subfield code="t">Los desafectos durante la tolerancia temporal de la postguerra --</subfield>
    <subfield code="t">Los desafectos a partir de 1948 --</subfield>
    <subfield code="t">Lista de desafectos --</subfield>
    <subfield code="t">Los "En desgracia" --</subfield>
    <subfield code="t">Fuente de los documentos --</subfield>
    <subfield code="t">&#xCD;ndice onom&#xE1;stico.</subfield>
  </datafield>
  <datafield tag="590" ind1=" " ind2=" ">
    <subfield code="a">Inventariado 2022 / MF</subfield>
  </datafield>
  <datafield tag="600" ind1="1" ind2="4">
    <subfield code="a">Trujillo Molina, Rafael Le&#xF3;nidas, </subfield>
    <subfield code="d"> 1891-1961.</subfield>
    <subfield code="9">84720</subfield>
  </datafield>
  <datafield tag="650" ind1=" " ind2="4">
    <subfield code="9">44939</subfield>
    <subfield code="a">Resistencia civil</subfield>
    <subfield code="z">Rep&#xFA;blica Dominicana</subfield>
    <subfield code="x">Historia</subfield>
    <subfield code="y">Siglo XX</subfield>
    <subfield code="v">Fuentes</subfield>
  </datafield>
  <datafield tag="651" ind1=" " ind2="4">
    <subfield code="a">Rep&#xFA;blica Dominicana</subfield>
    <subfield code="x">Politica y gobierno </subfield>
    <subfield code="y">1930-1961</subfield>
    <subfield code="v">Fuentes</subfield>
    <subfield code="9">75234</subfield>
  </datafield>
  <datafield tag="700" ind1="1" ind2=" ">
    <subfield code="a">Vega, Bernardo,</subfield>
    <subfield code="d">1938 -</subfield>
    <subfield code="e">compilador</subfield>
    <subfield code="4">comp.</subfield>
    <subfield code="9">3222</subfield>
  </datafield>
  <datafield tag="910" ind1=" " ind2=" ">
    <subfield code="a">MFeliz/Validado. Control de calidad MFF</subfield>
  </datafield>
  <datafield tag="942" ind1=" " ind2=" ">
    <subfield code="2">ddc</subfield>
    <subfield code="c">LBS1</subfield>
  </datafield>
  <datafield tag="952" ind1=" " ind2=" ">
    <subfield code="0">0</subfield>
    <subfield code="1">0</subfield>
    <subfield code="2">ddc</subfield>
    <subfield code="5">1</subfield>
    <subfield code="7">0</subfield>
    <subfield code="8">PD</subfield>
    <subfield code="a">BNPHU</subfield>
    <subfield code="b">BNPHU</subfield>
    <subfield code="c">HD</subfield>
    <subfield code="d">2017-12-13</subfield>
    <subfield code="e">Donado por Raquel Mart&#xED;nez</subfield>
    <subfield code="l">0</subfield>
    <subfield code="o">BNPHU PD 972.93053 U58d</subfield>
    <subfield code="p">2022-3567</subfield>
    <subfield code="r">2022-07-27</subfield>
    <subfield code="w">2022-07-27</subfield>
    <subfield code="y">LBS1</subfield>
  </datafield>
  <datafield tag="999" ind1=" " ind2=" ">
    <subfield code="c">52236</subfield>
    <subfield code="d">52236</subfield>
  </datafield>
</record>
